000 01417nam a2200265 a 4500
001 71334
003 BD-RjUL
005 20211209082113.0
008 170502s2006 bg ||||| b||| 00| 0 ben d
020 _a9843230531
_cTk. 120.00
035 _a(BD-RjUL)71550
040 _aBD-RjUL
_bben
_cBD-RjUL
041 _aben
082 _223
_a338.95492
_bBHB 2006
100 _aভট্রাচার্য, দেবপ্রিয়
_9211094
245 _aবাংলাদেশের দারিদ্র্য নিরসনে কৌশলপত্র(পিআরএসপি) :
_bমূল প্রতিপাদ্য ও বাস্তবায়নের চ্যালেঞ্জ /
_cদেবপ্রিয় ভট্রাচার্য, সাঈদ আহমেদ এবং সেন্টার ফর পলিসি ডায়ালগ
260 _aঢাকা :
_bসেন্টার ফর পলিসি ডায়ালগ,
_c২০০৬
300 _a১১২ পৃ. ;
_c২৩ সেমি.
504 _aগ্রন্থপঞ্জি পৃ. ৭৯-৮৬
650 _aঅর্থনৈতিক নীতি
_zবাংলাদেশ
_9211095
650 _aEconomic policy
_zBangladesh.
_9155290
700 _aআহমেদ, সাঈদ
_9147140
700 _aসেন্টার ফর পলিসি ডায়ালগ
_9211096
942 _2ddc
_cBK
999 _c71334
_d71334